| 000 | 00491nam a2200157 i 4500 | ||
|---|---|---|---|
| 001 | 141808 | ||
| 003 | ES-MaACL | ||
| 005 | 20230906200355.0 | ||
| 007 | t| | ||
| 008 | 070928s1957 sp ||||1| spa d | ||
| 100 | 1 |
_aWagner, Martin. _9115847 |
|
| 245 | 1 | 0 |
_aConstrucción económica de ciudades / _cpor Martín Wagner ; traducción castellana de José López Zanon. |
| 260 |
_aMadrid : _bDossat, _c25 cm. |
||
| 700 | 1 |
_aLópez Zanón, José. _974046 |
|
| 852 |
_aES-MaACL _jC-12142 _bR.40148 |
||
| 999 |
_c141808 _d141808 |
||